<?xml version="1.0" encoding="UTF-8"?>
<record
    xmlns:xsi="http://www.w3.org/2001/XMLSchema-instance"
    xsi:schemaLocation="http://www.loc.gov/MARC21/slim http://www.loc.gov/standards/marcxml/schema/MARC21slim.xsd"
    xmlns="http://www.loc.gov/MARC21/slim">

  <leader>01760nam a22002417a 4500</leader>
  <controlfield tag="003">Uzh_bibl</controlfield>
  <controlfield tag="008">260429b        |||||||| |||| 00| 0 ukr d</controlfield>
  <datafield tag="020" ind1=" " ind2=" ">
    <subfield code="a"> 5-319-00886-4</subfield>
    <subfield code="c">0.54</subfield>
  </datafield>
  <datafield tag="040" ind1=" " ind2=" ">
    <subfield code="b">&#x443;&#x43A;&#x440;.</subfield>
  </datafield>
  <datafield tag="041" ind1=" " ind2=" ">
    <subfield code="2">ukr</subfield>
    <subfield code="a">ukr</subfield>
  </datafield>
  <datafield tag="080" ind1=" " ind2=" ">
    <subfield code="a">94(477)</subfield>
  </datafield>
  <datafield tag="090" ind1=" " ind2=" ">
    <subfield code="a">94(477)</subfield>
    <subfield code="b">&#x420; 41</subfield>
  </datafield>
  <datafield tag="100" ind1=" " ind2=" ">
    <subfield code="a">  </subfield>
  </datafield>
  <datafield tag="245" ind1=" " ind2=" ">
    <subfield code="a">&#x420;&#x435;&#x43F;&#x440;&#x435;&#x441;&#x43E;&#x432;&#x430;&#x43D;&#x435; "&#x432;&#x456;&#x434;&#x440;&#x43E;&#x434;&#x436;&#x435;&#x43D;&#x43D;&#x44F;"</subfield>
    <subfield code="c">&#x423;&#x43F;&#x43E;&#x440;&#x44F;&#x434;&#x43D;. &#x41E;. &#x406;. &#x421;&#x438;&#x434;&#x43E;&#x440;&#x435;&#x43D;&#x43A;&#x43E;, &#x414;. &#x412;. &#x422;&#x430;&#x431;&#x430;&#x447;&#x43D;&#x438;&#x43A;</subfield>
    <subfield code="h">&#x422;&#x435;&#x43A;&#x441;&#x442;</subfield>
  </datafield>
  <datafield tag="260" ind1=" " ind2=" ">
    <subfield code="a">&#x41A;&#x438;&#x457;&#x432;</subfield>
    <subfield code="b">&#x423;&#x43A;&#x440;&#x430;&#x457;&#x43D;&#x430;</subfield>
    <subfield code="c">1993</subfield>
  </datafield>
  <datafield tag="300" ind1=" " ind2=" ">
    <subfield code="a">399 &#x441;.</subfield>
    <subfield code="f">&#x412; &#x43E;&#x43F;&#x440;.</subfield>
  </datafield>
  <datafield tag="520" ind1=" " ind2=" ">
    <subfield code="a">&#x412;&#x456;&#x434;&#x440;&#x43E;&#x434;&#x436;&#x435;&#x43D;&#x43D;&#x44F; &#x443;&#x43A;&#x440;&#x430;&#x457;&#x43D;&#x441;&#x44C;&#x43A;&#x43E;&#x457; &#x43A;&#x443;&#x43B;&#x44C;&#x442;&#x443;&#x440;&#x438; &#x443; 20-&#x442;&#x456; &#x440;&#x43E;&#x43A;&#x438; &#x441;&#x430;&#x43C;&#x435; &#x43D;&#x430;&#x431;&#x443;&#x432;&#x430;&#x43B;&#x43E; &#x440;&#x43E;&#x437;&#x43A;&#x432;&#x456;&#x442;&#x443;, &#x43A;&#x43E;&#x43B;&#x438; &#x441;&#x442;&#x430;&#x43B;&#x456;&#x43D;&#x441;&#x44C;&#x43A;&#x456; &#x43F;&#x43E;&#x43F;&#x43B;&#x456;&#x447;&#x43D;&#x438;&#x43A;&#x438; &#x440;&#x43E;&#x437;&#x43F;&#x43E;&#x447;&#x430;&#x43B;&#x438; &#x43F;&#x43E;&#x43B;&#x44E;&#x432;&#x430;&#x43D;&#x43D;&#x44F; &#x43D;&#x430; &#x457;&#x457; &#x43D;&#x430;&#x439;&#x432;&#x438;&#x434;&#x430;&#x442;&#x43D;&#x456;&#x448;&#x438;&#x445; &#x434;&#x456;&#x44F;&#x447;&#x456;&#x432;, &#x43F;&#x435;&#x440;&#x435;&#x441;&#x43B;&#x456;&#x434;&#x443;&#x44E;&#x447;&#x438; &#x43C;&#x435;&#x442;&#x443; &#x2014; &#x434;&#x43E;&#x449;&#x435;&#x43D;&#x442;&#x443; &#x432;&#x438;&#x43D;&#x438;&#x449;&#x438;&#x442;&#x438; &#x443;&#x43A;&#x440;&#x430;&#x457;&#x43D;&#x441;&#x44C;&#x43A;&#x443; &#x456;&#x43D;&#x442;&#x435;&#x43B;&#x456;&#x433;&#x435;&#x43D;&#x446;&#x456;&#x44E;. &#x426;&#x456;&#x43B;&#x430; &#x43A;&#x43E;&#x433;&#x43E;&#x440;&#x442;&#x430; &#x442;&#x430;&#x43B;&#x430;&#x43D;&#x43E;&#x432;&#x438;&#x442;&#x438;&#x445; &#x432;&#x447;&#x435;&#x43D;&#x438;&#x445;, &#x43F;&#x438;&#x441;&#x44C;&#x43C;&#x435;&#x43D;&#x43D;&#x438;&#x43A;&#x456;&#x432;, &#x445;&#x443;&#x434;&#x43E;&#x436;&#x43D;&#x438;&#x43A;&#x456;&#x432; &#x431;&#x443;&#x43B;&#x430; &#x431;&#x435;&#x437;&#x43F;&#x456;&#x434;&#x441;&#x442;&#x430;&#x432;&#x43D;&#x43E; &#x440;&#x435;&#x43F;&#x440;&#x435;&#x441;&#x43E;&#x432;&#x430;&#x43D;&#x430;. &#x41F;&#x440;&#x43E; &#x434;&#x43E;&#x43B;&#x44E; &#x41C;. &#x412;&#x430;&#x441;&#x438;&#x43B;&#x435;&#x43D;&#x43A;&#x430;, &#x41C;. &#x424;&#x456;&#x43B;&#x44F;&#x43D;&#x441;&#x44C;&#x43A;&#x43E;&#x433;&#x43E;, &#x421;. &#x404;&#x444;&#x456;&#x43C;&#x43E;&#x432;&#x430;, &#x412;. &#x41F;&#x456;&#x434;&#x43C;&#x43E;&#x433;&#x438;&#x43B;&#x44C;&#x43D;&#x43E;&#x433;&#x43E;, &#x41F;. &#x424;&#x438;&#x43B;&#x438;&#x43F;&#x43E;&#x432;&#x438;&#x447;&#x430;, &#x41C;. &#x42F;&#x432;&#x43E;&#x440;&#x441;&#x44C;&#x43A;&#x43E;&#x433;&#x43E;, &#x424;. &#x415;&#x440;&#x43D;&#x441;&#x442;&#x430; &#x442;&#x430; &#x431;&#x430;&#x433;&#x430;&#x442;&#x44C;&#x43E;&#x445; &#x456;&#x43D;&#x448;&#x438;&#x445;, &#x431;&#x435;&#x437;&#x43D;&#x435;&#x432;&#x438;&#x43D;&#x43D;&#x43E; &#x437;&#x430;&#x441;&#x443;&#x434;&#x436;&#x435;&#x43D;&#x438;&#x445; &#x456; &#x432; &#x43F;&#x435;&#x440;&#x435;&#x432;&#x430;&#x436;&#x43D;&#x456;&#x439; &#x431;&#x456;&#x43B;&#x44C;&#x448;&#x43E;&#x441;&#x442;&#x456; &#x437;&#x43D;&#x438;&#x449;&#x435;&#x43D;&#x438;&#x445; &#x443; &#x441;&#x442;&#x430;&#x43B;&#x456;&#x43D;&#x441;&#x44C;&#x43A;&#x438;&#x445; &#x442;&#x430;&#x431;&#x43E;&#x440;&#x430;&#x445;, &#x440;&#x43E;&#x437;&#x43F;&#x43E;&#x432;&#x456;&#x434;&#x430;&#x454;&#x442;&#x44C;&#x441;&#x44F; &#x443; &#x446;&#x456;&#x439; &#x43A;&#x43D;&#x438;&#x437;&#x456;.</subfield>
  </datafield>
  <datafield tag="521" ind1=" " ind2=" ">
    <subfield code="a">&#x414;&#x43B;&#x44F; &#x448;&#x438;&#x440;&#x43E;&#x43A;&#x43E;&#x433;&#x43E; &#x43A;&#x43E;&#x43B;&#x430; &#x447;&#x438;&#x442;&#x430;&#x447;&#x456;&#x432;</subfield>
  </datafield>
  <datafield tag="546" ind1=" " ind2=" ">
    <subfield code="a">&#x443;&#x43A;&#x440;.</subfield>
  </datafield>
  <datafield tag="650" ind1=" " ind2=" ">
    <subfield code="a">&#x41B;&#x456;&#x442;&#x435;&#x440;&#x430;&#x442;&#x443;&#x440;&#x43D;&#x43E;-&#x445;&#x443;&#x434;&#x43E;&#x436;&#x43D;&#x435; &#x432;&#x438;&#x434;&#x430;&#x43D;&#x43D;&#x44F;</subfield>
  </datafield>
  <datafield tag="653" ind1=" " ind2=" ">
    <subfield code="a">&#x423;&#x43A;&#x440;&#x430;&#x457;&#x43D;&#x441;&#x44C;&#x43A;&#x430; &#x456;&#x43D;&#x442;&#x435;&#x43B;&#x456;&#x433;&#x435;&#x43D;&#x446;&#x456;&#x44F;</subfield>
    <subfield code="a">&#x412;&#x447;&#x435;&#x43D;&#x456;</subfield>
  </datafield>
  <datafield tag="942" ind1=" " ind2=" ">
    <subfield code="2">udc</subfield>
    <subfield code="c">BK</subfield>
  </datafield>
  <datafield tag="999" ind1=" " ind2=" ">
    <subfield code="c">17556</subfield>
    <subfield code="d">17556</subfield>
  </datafield>
  <datafield tag="952" ind1=" " ind2=" ">
    <subfield code="0">0</subfield>
    <subfield code="1">0</subfield>
    <subfield code="2">udc</subfield>
    <subfield code="4">0</subfield>
    <subfield code="7">0</subfield>
    <subfield code="a">CMB</subfield>
    <subfield code="b">CMB</subfield>
    <subfield code="c">AB</subfield>
    <subfield code="d">2026-04-29</subfield>
    <subfield code="i">44710-3</subfield>
    <subfield code="l">0</subfield>
    <subfield code="o">94(477)</subfield>
    <subfield code="p">19345</subfield>
    <subfield code="r">2026-04-29</subfield>
    <subfield code="w">2026-04-29</subfield>
    <subfield code="y">BK</subfield>
  </datafield>
</record>
